00586nam a22001697a 4500082001600000100002000016245003500036260004600071300001000117650001400127650002200141700002300163942000700186999001500193952010400208952010400312 a547.044 ARN aArnall, francis aThe oretical Organic Chemistry aLondon:bJ &A churchill Publisher,c1926. a367p  aChemistry aOrganic Chemistry aHodges, Francis W. cBK c3720d3720 0010708NFICaICbICcGENd2016-11-09l1o547.044 ARNp001895r2024-08-05 15:02:39s2024-07-23yBK 0010708NFICaICbICcGENd2016-11-09l0o547.044 ARNp001896r2022-11-17 00:00:00w2016-11-09yBK